Termodin mica / Kenneth Wark, Donald E. Richards (Registro nro. 18671)
[ vista simple ]
| 000 -LÍDER | |
|---|---|
| fixed length control field | 00484nam a2200169 4500 |
| 008 - ELEMENTOS DE LONGITUD FIJA -- INFORMACIÓN GENERAL | |
| fixed length control field | 0 2001 0ant 000 0ESP |
| 020 ## - NÚMERO INTERNACIONAL NORMALIZADO PARA LIBROS | |
| ISBN | 84-481-2829-X |
| 050 ## - SIGNATURA TOPOGRAFICA DE LA BIBLIOTECA DEL CONGRESO (LC) | |
| Número de Clasificación | QC34 W3618 2001 |
| 082 ## - NUMERO DE CLASIFICACION DECIMAL DEWEY | |
| Número de Clasificación | 536.7 W134t |
| 100 ## - ASIENTO PRINCIPAL--NOMBRE PERSONAL | |
| Nombre personal | Wark, Kenneth |
| 245 ## - TÍTULO | |
| Título | Termodin mica / Kenneth Wark, Donald E. Richards |
| 250 ## - MENCIÓN DE EDICIÓN | |
| Mención de edición | 6a ed |
| 260 ## - PUBLICACIÓN, DISTRIBUCIÓN, ETC. (PIE DE IMPRENTA) | |
| Lugar de publicación, distribución, etc. | Madrid, España : McGraw Hill |
| 300 ## - DESCRIPCIÓN FÍSICA | |
| Extensión | xix, 1048 p. / 27 cm. |
| 650 ## - ASIENTO SECUNDARIO DE MATERIA - TERMINO TEMÁTICO | |
| Término temático o nombre geográfico como elemento de entrada | 1.TERMODINAMICA |
| 700 ## - ASIENTO SECUNDARIO - NOMBRE PERSONAL | |
| Nombre personal | I. Richards, Donald E. coaut. |
| No. biblioteca | No. biblioteca | Número de clasificación | Código de barras/Número de adquisición | Número de copia | Tipo de material |
|---|---|---|---|---|---|
| LUIS G. INCLAN | LUIS G. INCLAN | 536.7 W134t | 45094 | 1 | Libros |
| ÁREA DE BÁSICAS | ÁREA DE BÁSICAS | 536.7 W134t | 49911 | 2 | Libros |
